[Event "Weiße Dame Borbeck 1 - SV Mülheim-Nord"]
[Site "Regionalliga 2018/2019"]
[Date "2019.05.19"]
[Round "10.7"]
[White "Schmidt, Kevin"]
[Black "Kindermann, Carsten"]
[Result "1/2-1/2"]
[WhiteElo "1892"]
[BlackElo "1908"]
[Annotator "Daniel"]
[PlyCount "54"]
[EventDate "2019.??.??"]

1. e4 e6 2. d3 d5 3. Qe2 dxe4 4. dxe4 e5 5. c3 Bd6 6. Qc2 Be6 7. Nd2 c6 8. Bc4
Qe7 9. Ngf3 Nd7 10. Qb3 Nc5 11. Qc2 b5 12. Bxe6 Nxe6 13. Nf1 Nf6 14. Ne3 h6 15.
a4 O-O 16. O-O $11 a6 17. b4 Rfc8 18. Rd1 Bc7 19. Nd2 Bb6 20. Ndf1 a5 21. bxa5
Rxa5 22. Ba3 Bc5 23. Bxc5 Qxc5 24. axb5 Rxa1 25. Rxa1 cxb5 26. Rc1 Rc7 27. Nd2
Qa3 1/2-1/2

[Event "Weiße Dame Borbeck 1 - SV Mülheim-Nord"]
[Site "Regionalliga 2018/2019"]
[Date "2019.05.19"]
[Round "10.8"]
[White "Klasmeier, Hartmut"]
[Black "Hauffe, Frank"]
[Result "1-0"]
[WhiteElo "1882"]
[BlackElo "1586"]
[PlyCount "46"]
[EventDate "2019.??.??"]

1. e4 c6 2. d4 d5 3. exd5 cxd5 4. Bd3 Nf6 5. h3 Nc6 6. c3 e6 7. Nf3 Bd6 8. O-O
O-O 9. Re1 Qc7 10. Bg5 h6 11. Be3 e5 12. dxe5 Nxe5 13. Nxe5 Bxe5 14. Nd2 Be6
15. Nf3 Bd6 16. Qd2 Rad8 17. Bd4 Be7 18. Qe3 b6 19. Be5 Qd7 20. Nd4 Qc8 21.
Bxf6 Bxf6 22. Nxe6 Rfe8 23. Bf5 Qc6 1-0

[Event "SC Hansa Dortmund 2 - SV Horst-Emscher "]
[Site "Regionalliga 2018/2019"]
[Date "2019.05.19"]
[Round "10.1"]
[White "Baerwolf, Steven"]
[Black "Schiefelbusch, Dirk"]
[Result "0-1"]
[WhiteElo "2104"]
[BlackElo "2015"]
[Annotator "Daniel"]
[PlyCount "94"]
[EventDate "2019.??.??"]

1. Nf3 d5 2. d4 Nf6 3. e3 Bg4 4. Nbd2 e6 5. Be2 c5 6. b3 cxd4 7. Nxd4 Bxe2 8.
Qxe2 Nc6 9. Nxc6 bxc6 10. Bb2 Be7 11. O-O O-O 12. c4 a5 13. Rfc1 a4 14. cxd5
cxd5 15. Qb5 axb3 16. axb3 Rxa1 17. Rxa1 Qc7 $11 18. Rc1 Qa7 19. Bd4 Qa2 20.
Qd3 Qa8 21. Qc2 h6 22. Qc7 Bb4 23. Nf3 Qa3 24. Qc2 Bd6 25. Ne5 Qb4 26. g3 Ne4
27. Nd3 Qb8 28. f3 Ng5 29. Kg2 e5 30. Bc5 e4 31. fxe4 dxe4 32. Bxd6 Qxd6 33.
Nf2 Qf6 34. h4 Qf3+ 35. Kh2 Ne6 36. Nxe4 Qxe3 37. Nf2 Nd4 38. Qb2 Ne2 39. Rg1
Nxg1 40. Kxg1 Qxg3+ 41. Kf1 Rb8 42. h5 Rxb3 43. Qc2 Rf3 44. Qc8+ Kh7 45. Qc2+
g6 46. hxg6+ fxg6 47. Qd2 Rxf2+ 0-1

[Event "SC Hansa Dortmund 2 - SV Horst-Emscher "]
[Site "Regionalliga 2018/2019"]
[Date "2019.05.19"]
[Round "10.2"]
[White "Berndt, Joachim"]
[Black "Buschmann, Andreas"]
[Result "1/2-1/2"]
[WhiteElo "2058"]
[BlackElo "2028"]
[PlyCount "30"]
[EventDate "2019.??.??"]

1. c4 Nf6 2. Nc3 g6 3. e4 d6 4. d4 Bg7 5. Nf3 O-O 6. Be2 e5 7. d5 Nbd7 8. O-O
Ne8 9. Qc2 a5 10. Bg5 f6 11. Be3 f5 12. Bg5 Bf6 13. Bh6 Bg7 14. Bg5 Bf6 15. Bh6
Bg7 1/2-1/2

[Event "SC Hansa Dortmund 2 - SV Horst-Emscher "]
[Site "Regionalliga 2018/2019"]
[Date "2019.05.19"]
[Round "10.3"]
[White "Rebentisch, Tom"]
[Black "Burchert, Wolfgang"]
[Result "1/2-1/2"]
[WhiteElo "2044"]
[BlackElo "1998"]
[PlyCount "119"]
[EventDate "2019.??.??"]

1. d4 Nf6 2. c4 e6 3. Nf3 c5 4. d5 exd5 5. cxd5 d6 6. Nc3 g6 7. e4 Bg7 8. Bd3
O-O 9. O-O Na6 10. h3 Rb8 11. Re1 Nc7 12. a4 a6 13. a5 Bd7 14. Qb3 Nce8 15. Qc2
Nc7 16. Bf4 Nb5 17. Bh2 Ne8 18. e5 dxe5 19. Nxe5 Nd4 20. Qd1 Bb5 21. Nf3 Rc8
22. Nxd4 Bxd3 23. Qxd3 cxd4 24. Na4 Qxa5 25. Qb3 Rd8 26. Qxb7 Qxd5 27. Qxd5
Rxd5 28. Nb6 Rd8 29. Rxa6 Nd6 30. b4 Nb5 31. Nc4 d3 32. Bf4 Rd4 33. Nd6 Rxf4
34. Nxb5 Rxb4 35. Nc7 Rd8 36. Rd1 Rc4 37. Ra8 Rxa8 38. Nxa8 Rc3 39. Nb6 Bd4 40.
Nd5 Rc2 41. Rxd3 Bxf2+ 42. Kh2 Kg7 43. Ne3 Ra2 44. Ng4 Ba7 45. Kg3 h5 46. Ne3
Re2 47. Nd1 g5 48. Kf3 Re6 49. g4 h4 50. Ne3 Rxe3+ 51. Rxe3 Bxe3 52. Kxe3 Kf6
53. Kd4 Ke6 54. Ke4 f6 55. Kd4 f5 56. gxf5+ Kxf5 57. Ke3 g4 58. hxg4+ Kxg4 59.
Kf2 h3 60. Kg1 1/2-1/2

[Event "SC Hansa Dortmund 2 - SV Horst-Emscher "]
[Site "Regionalliga 2018/2019"]
[Date "2019.05.19"]
[Round "10.4"]
[White "Hillebrand, Carsten"]
[Black "Becker, Marco"]
[Result "1/2-1/2"]
[WhiteElo "1945"]
[BlackElo "1909"]
[PlyCount "38"]
[EventDate "2019.??.??"]

1. c4 e5 2. g3 c6 3. d4 Bb4+ 4. Bd2 Bxd2+ 5. Qxd2 d6 6. Bg2 Nf6 7. Nc3 O-O 8.
e3 Qc7 9. Nge2 Nbd7 10. O-O Re8 11. Rac1 a6 12. Rfd1 Rb8 13. a4 b6 14. h3 Bb7
15. g4 Nf8 16. Ng3 Rbd8 17. d5 c5 18. Qc2 Ng6 19. Nf5 Bc8 1/2-1/2

[Event "SC Hansa Dortmund 2 - SV Horst-Emscher "]
[Site "Regionalliga 2018/2019"]
[Date "2019.05.19"]
[Round "10.5"]
[White "Goeldenboog, Juergen"]
[Black "Prueske, Wolfgang"]
[Result "1/2-1/2"]
[WhiteElo "1941"]
[BlackElo "1946"]
[PlyCount "119"]
[EventDate "2019.??.??"]

1. d4 Nf6 2. c4 Nc6 3. Nf3 e6 4. Nc3 Bb4 5. a3 Bxc3+ 6. bxc3 d6 7. Bg5 h6 8.
Bh4 g5 9. Bg3 Nh5 10. e4 e5 11. d5 Ne7 12. Bd3 Nf4 13. Bxf4 gxf4 14. c5 Rg8 15.
g3 Ng6 16. Bb5+ Kf8 17. c6 b6 18. Qc2 Bg4 19. Be2 Qf6 20. Qd3 Ke7 21. O-O-O
Rgb8 22. Kc2 Kf8 23. Ng1 Bc8 24. Bh5 a5 25. Bxg6 fxg6 26. gxf4 exf4 27. Qd4
Qxd4 28. Rxd4 Ba6 29. h4 Kg7 30. Nh3 Rf8 31. Rg1 Rae8 32. Kd2 Re5 33. Rh1 Rh5
34. e5 dxe5 35. Re4 Rd8 36. c4 b5 37. Rhe1 bxc4 38. Rxe5 Rxd5+ 39. Rxd5 Rxd5+
40. Kc2 Rf5 41. Re7+ Rf7 42. Rxf7+ Kxf7 43. Nxf4 Bb5 44. Kc3 Bxc6 45. Kxc4 Kf6
46. Kc5 Bf3 47. Kd4 Kf5 48. Ke3 Bb7 49. f3 c5 50. Ne2 Ke5 51. Nf4 g5 52. hxg5
hxg5 53. Nh3 Bxf3 54. Nxg5 Bc6 55. Kd3 Bb5+ 56. Kc3 Be2 57. Nf7+ Kd5 58. Ng5
Bg4 59. Nf7 Bh5 60. Ng5 1/2-1/2

[Event "SC Hansa Dortmund 2 - SV Horst-Emscher "]
[Site "Regionalliga 2018/2019"]
[Date "2019.05.19"]
[Round "10.6"]
[White "Zelt, Jens"]
[Black "Arndt, Olaf"]
[Result "1/2-1/2"]
[WhiteElo "2071"]
[BlackElo "1884"]
[Annotator "Daniel"]
[PlyCount "90"]
[EventDate "2019.??.??"]

1. d4 f5 2. g3 e6 3. Bg2 d5 4. Nh3 Nf6 5. O-O Bd6 6. f3 O-O 7. c3 c5 8. Nf2
cxd4 9. cxd4 Qb6 10. Nc3 Nc6 11. e3 Bd7 12. Nd3 Nb4 13. Re1 Rac8 14. Bf1 h5 15.
Ne5 Be8 16. a3 Nc6 17. Nxc6 Bxc6 18. Rb1 Qc7 19. Re2 b5 20. Bd2 a5 21. Na2 Qa7
22. Be1 Bd7 $11 23. Qd2 a4 24. Qd1 Rc7 25. Bb4 Qb6 26. Rc2 Rxc2 27. Qxc2 Rc8
28. Qd2 Bb8 29. Rc1 e5 30. Rxc8+ Bxc8 31. Qc2 Be6 32. Bc5 Qb7 33. Nc3 exd4 34.
Nxb5 dxe3 35. Bxe3 Be5 36. Nd4 Bd7 37. Bd3 g6 38. Kg2 Kf7 39. Kg1 Qb8 40. f4
Bd6 41. Nf3 Ne4 42. Bd4 Qc7 43. Qxc7 Bxc7 44. Ne5+ Bxe5 45. Bxe5 Ke6 1/2-1/2

[Event "SC Hansa Dortmund 2 - SV Horst-Emscher "]
[Site "Regionalliga 2018/2019"]
[Date "2019.05.19"]
[Round "10.7"]
[White "Doenges, Dirk"]
[Black "Lucht, Roland"]
[Result "1-0"]
[WhiteElo "1745"]
[BlackElo "2047"]
[PlyCount "67"]
[EventDate "2019.??.??"]

1. e4 e6 2. Nf3 d5 3. exd5 exd5 4. d4 Nf6 5. Nc3 Bb4 6. Bd3 Qe7+ 7. Be3 Ng4 8.
Qd2 Nxe3 9. fxe3 c5 10. O-O c4 11. Be2 Bf5 12. Ne5 Bg6 13. Bf3 Nc6 14. Nxg6
hxg6 15. Bxd5 f5 16. Rf3 O-O-O 17. Bxc6 bxc6 18. Re1 c5 19. a3 Ba5 20. Qe2 Qc7
21. h3 cxd4 22. exd4 Rxd4 23. Nb5 Qc5 24. Nxd4 Bxe1 25. Qxe1 Qxd4+ 26. Kh1 Qxb2
27. Rc3 Qb5 28. Qe6+ Kd8 29. Rxc4 Qb1+ 30. Kh2 Qb8+ 31. g3 Re8 32. Rd4+ Kc7 33.
Qd6+ Kc8 34. Qd7# 1-0

[Event "SC Hansa Dortmund 2 - SV Horst-Emscher "]
[Site "Regionalliga 2018/2019"]
[Date "2019.05.19"]
[Round "10.8"]
[White "Lin, Yi"]
[Black "Tobczewski, Peter"]
[Result "0-1"]
[WhiteElo "1819"]
[BlackElo "1884"]
[PlyCount "138"]
[EventDate "2019.??.??"]

1. e4 c5 2. Nf3 e6 3. d3 Nc6 4. g3 d5 5. Nbd2 Nf6 6. Bg2 dxe4 7. dxe4 Be7 8.
O-O O-O 9. e5 Nd5 10. a3 b5 11. Re1 Bb7 12. c4 bxc4 13. Nxc4 Nb6 14. Nd6 Bxd6
15. exd6 Nd5 16. Ng5 Qxd6 17. Ne4 Qe7 18. Bg5 f6 19. Bd2 Rac8 20. Rc1 Nd4 21.
Ba5 Nb6 22. b4 Rfd8 23. Qh5 Nb3 24. Bxb6 axb6 25. Rc3 Nd2 26. Qe2 Nxe4 27. Bxe4
cxb4 28. Rxc8 Bxc8 29. axb4 Qxb4 30. Rb1 Qd4 31. Bc2 Qd6 32. Qh5 f5 33. Qh4 Bb7
34. Bb3 Rc8 35. Re1 Qc6 36. Bxe6+ Qxe6 37. Rd1 Re8 38. Qb4 Qe4 39. Qxe4 Rxe4
40. f3 Re7 41. Kf2 Rc7 42. Rd6 b5 43. Rb6 Bc6 44. Ke3 Kf7 45. Kf4 Kf6 46. h4 g6
47. g4 fxg4 48. fxg4 Ke6 49. Ke3 Ke5 50. h5 gxh5 51. gxh5 Kd5 52. Kd3 Kc5 53.
Rb8 Rd7+ 54. Kc3 Rd5 55. h6 Rh5 56. Rf8 Rh3+ 57. Kb2 Rxh6 58. Rf5+ Bd5 59. Rf8
Kb4 60. Rf4+ Bc4 61. Rf2 Re6 62. Rf4 Re2+ 63. Kc1 Kc3 64. Kd1 Rd2+ 65. Kc1 b4
66. Rh4 b3 67. Rh3+ Bd3 68. Rxh7 Rd1+ 69. Kxd1 Bxh7 0-1

[Event "SG Bochum 2 - SV Eichlinghofen 1"]
[Site "Regionalliga 2018/2019"]
[Date "2019.05.19"]
[Round "10.1"]
[White "Watzlawek, Markus"]
[Black "Tkachuk, Konstantyn"]
[Result "0-1"]
[WhiteElo "2107"]
[BlackElo "2266"]
[PlyCount "46"]
[EventDate "2019.??.??"]

1. d4 c5 2. d5 e5 3. e4 d6 4. Bb5+ Nd7 5. a4 g6 6. Nc3 Bg7 7. Nf3 Ne7 8. Nd2
O-O 9. O-O f5 10. f4 exf4 11. Bxd7 Bxd7 12. Nc4 g5 13. Nxd6 Ng6 14. Bd2 Qf6 15.
exf5 Qxd6 16. fxg6 Qxg6 17. Rc1 Rae8 18. Qf3 g4 19. Qd3 Bf5 20. Qc4 Bd4+ 21.
Kh1 f3 22. g3 f2 23. d6+ Be6 0-1

[Event "SG Bochum 2 - SV Eichlinghofen 1"]
[Site "Regionalliga 2018/2019"]
[Date "2019.05.19"]
[Round "10.2"]
[White "Tkachuk, Sergij"]
[Black "Brockmann, Michael"]
[Result "1-0"]
[WhiteElo "2202"]
[BlackElo "2005"]
[PlyCount "61"]
[EventDate "2019.??.??"]

1. e4 c5 2. Nf3 Nc6 3. d4 cxd4 4. Nxd4 g6 5. Nc3 Bg7 6. Be3 Nf6 7. Be2 O-O 8.
O-O d5 9. exd5 Nxd5 10. Nxd5 Nxd4 11. Bxd4 Qxd5 12. Bxg7 Qxd1 13. Rfxd1 Kxg7
14. Bf3 Rb8 15. c4 Be6 16. b3 Rfc8 17. Rac1 b6 18. Kf1 a5 19. a4 h5 20. Ke2 Kf6
21. Ke3 Rc5 22. Rd4 Bf5 23. Be4 e5 24. Rd6+ Ke7 25. Rcd1 Be6 26. Bc6 Bf5 27.
R1d2 Bc2 28. Rd7+ Ke6 29. R2d6+ Kf5 30. Rxf7+ Kg5 31. Be4 1-0

[Event "SG Bochum 2 - SV Eichlinghofen 1"]
[Site "Regionalliga 2018/2019"]
[Date "2019.05.19"]
[Round "10.3"]
[White "Wloka, Sebastian"]
[Black "Stricker, Florian"]
[Result "0-1"]
[WhiteElo "1879"]
[BlackElo "2055"]
[PlyCount "56"]
[EventDate "2019.??.??"]

1. d4 Nf6 2. Bg5 d5 3. Bxf6 gxf6 4. c4 c6 5. e3 Rg8 6. Nc3 e6 7. g3 b6 8. Qc2
h6 9. b3 Ba6 10. Bd3 Ba3 11. Nge2 Qe7 12. cxd5 Bxd3 13. Qxd3 exd5 14. Qh7 Rg6
15. Nf4 Bb2 16. Nxg6 Bxc3+ 17. Ke2 fxg6 18. Qxg6+ Qf7 19. Qxf7+ Kxf7 20. Rac1
Bb2 21. Rc2 Ba3 22. f4 c5 23. dxc5 Bxc5 24. Rd1 Nc6 25. a3 Re8 26. b4 Nd4+ 27.
Rxd4 Bxd4 28. Rc7+ Kg6 0-1

[Event "SG Bochum 2 - SV Eichlinghofen 1"]
[Site "Regionalliga 2018/2019"]
[Date "2019.05.19"]
[Round "10.4"]
[White "Biermann, Lenhard"]
[Black "Dekhtyaryuk, Dimitri"]
[Result "1/2-1/2"]
[WhiteElo "2072"]
[BlackElo "1849"]
[Annotator "Daniel"]
[PlyCount "85"]
[EventDate "2019.??.??"]

1. d4 Nf6 2. Nf3 c5 3. d5 d6 4. Nc3 g6 5. e4 Bg7 6. h3 O-O 7. Bd3 a6 8. a4 e6
9. O-O exd5 10. exd5 b6 11. Re1 Bb7 12. Bf1 Nbd7 13. Bf4 Qc7 14. g4 Rfe8 15.
Bg2 Rxe1+ 16. Nxe1 Re8 17. Nd3 c4 18. Nb4 Ne5 $11 19. Bh2 Qc5 20. Nc6 Nxd5 21.
Qxd5 Qxd5 22. Bxd5 Nxc6 23. Ne4 Be5 24. Bxe5 Rxe5 25. f4 Re7 26. Nxd6 Rd7 27.
Ne8 Re7 28. Nf6+ Kg7 29. g5 Nd4 30. Bxb7 Rxb7 31. Kf2 Nc6 32. Ke3 Re7+ 33. Kf3
Nd4+ 34. Kf2 Ne6 35. Kg3 Nc5 36. Kf3 Ne6 37. c3 Nc5 38. h4 Nd3 39. Rb1 Ne1+ 40.
Kf2 Nd3+ 41. Kf3 Ne1+ 42. Kf2 Nd3+ 43. Kf3 1/2-1/2

[Event "SG Bochum 2 - SV Eichlinghofen 1"]
[Site "Regionalliga 2018/2019"]
[Date "2019.05.19"]
[Round "10.6"]
[White "Mazarov, Juergen"]
[Black "Witthaus, Martin"]
[Result "1-0"]
[WhiteElo "2057"]
[BlackElo "1732"]
[PlyCount "37"]
[EventDate "2019.??.??"]

1. e4 c6 2. d4 d5 3. Nd2 dxe4 4. Nxe4 Bf5 5. Ng3 Bg6 6. f4 e6 7. Nf3 Nd7 8. Bd3
Bd6 9. O-O Bxd3 10. Qxd3 Ne7 11. f5 Bxg3 12. fxe6 Bxh2+ 13. Kxh2 fxe6 14. Ng5
Nf6 15. Bf4 Qd5 16. Rad1 O-O-O 17. Nxe6 Qh5+ 18. Kg1 Rdg8 19. Qa3 1-0

[Event "SG Bochum 2 - SV Eichlinghofen 1"]
[Site "Regionalliga 2018/2019"]
[Date "2019.05.19"]
[Round "10.7"]
[White "Stede, Joachim"]
[Black "Zeldin, Vitali"]
[Result "1/2-1/2"]
[WhiteElo "1699"]
[BlackElo "1979"]
[PlyCount "55"]
[EventDate "2019.??.??"]

1. e4 c5 2. Nf3 d6 3. d4 cxd4 4. Nxd4 Nf6 5. Nc3 g6 6. Bd3 Bg7 7. Be3 O-O 8.
O-O Ng4 9. Qd2 Nxe3 10. Qxe3 Nc6 11. Nxc6 bxc6 12. Nd1 d5 13. Qc5 Bb7 14. c3
Re8 15. Kh1 e5 16. f3 Bf8 17. Qf2 Qc7 18. Qg3 Bh6 19. Nf2 Bf4 20. Qh4 Qd8 21.
Qxd8 Raxd8 22. g3 Bh6 23. Ng4 Bg7 24. Rad1 Bc8 25. Nf2 Be6 26. b3 a5 27. Bc2 f5
28. Kg2 1/2-1/2

[Event "SV Welper 1 - SF Essen-Katernberg  2"]
[Site "Regionalliga 2018/2019"]
[Date "2019.05.19"]
[Round "10.1"]
[White "Villwock, Martin"]
[Black "Fuellgrabe, Thomas"]
[Result "0-1"]
[WhiteElo "2162"]
[BlackElo "2232"]
[PlyCount "68"]
[EventDate "2019.??.??"]

1. e4 e5 2. f4 exf4 3. Nf3 Nf6 4. e5 Nh5 5. Be2 d6 6. O-O Nc6 7. d4 g6 8. Nc3
Bg7 9. exd6 cxd6 10. d5 Ne5 11. Nxe5 dxe5 12. Bxh5 gxh5 13. Qxh5 Qb6+ 14. Kh1
Qg6 15. Qxg6 hxg6 16. Nb5 O-O 17. Nc7 Rb8 18. b3 Bf5 19. Ba3 Rfd8 20. c4 e4 21.
c5 Bxa1 22. Rxa1 e3 23. d6 Be4 24. Rc1 g5 25. Bb2 g4 26. Bd4 Bc6 27. Kg1 Re8
28. b4 Re4 29. Bc3 Rc4 30. b5 Be4 31. d7 Rxc5 32. Ne8 f5 33. Kf1 Bd3+ 34. Ke1
f3 0-1

[Event "SV Welper 1 - SF Essen-Katernberg  2"]
[Site "Regionalliga 2018/2019"]
[Date "2019.05.19"]
[Round "10.2"]
[White "Kemna, Guido"]
[Black "Heldt, Maximilian"]
[Result "1-0"]
[WhiteElo "2138"]
[BlackElo "2084"]
[PlyCount "103"]
[EventDate "2019.??.??"]

1. e4 e6 2. d4 d5 3. Be3 dxe4 4. Nd2 Nf6 5. c3 b6 6. g3 c5 7. Qc2 Bb7 8. Bg2
Nc6 9. dxc5 Ne5 10. O-O-O Qd3 11. Nb3 Qxc2+ 12. Kxc2 Nc4 13. Bd4 e5 14. Bf1
exd4 15. Bxc4 d3+ 16. Kc1 Bxc5 17. Nh3 O-O 18. Rhe1 Ng4 19. Nxc5 bxc5 20. Ng5
Ne5 21. Bb5 f5 22. f4 Ng4 23. Bc4+ Kh8 24. Nf7+ Rxf7 25. Bxf7 Rd8 26. h3 Nf2
27. Rd2 Nxh3 28. Rh2 g5 29. Rxh3 d2+ 30. Kd1 dxe1=Q+ 31. Kxe1 g4 32. Rh5 Kg7
33. Be6 e3 34. Rxf5 Bf3 35. Rf7+ Kg6 36. Rd7 Rb8 37. b3 Rb6 38. Bc4 a5 39. Re7
h5 40. Rxe3 h4 41. Bd3+ Kh6 42. gxh4 Kh5 43. Kf2 Rd6 44. Kg3 c4 45. Re5+ Kh6
46. Bxc4 Rd2 47. f5 Rg2+ 48. Kf4 Rf2 49. Rxa5 Kh5 50. Ke3 g3 51. f6+ Kg6 52.
Rg5+ 1-0

[Event "SV Welper 1 - SF Essen-Katernberg  2"]
[Site "Regionalliga 2018/2019"]
[Date "2019.05.19"]
[Round "10.3"]
[White "Dette, Jan"]
[Black "Sohlmann, Jan-Henning"]
[Result "0-1"]
[WhiteElo "2073"]
[BlackElo "2145"]
[PlyCount "98"]
[EventDate "2019.??.??"]

1. c4 Nf6 2. g3 g6 3. Bg2 Bg7 4. e4 O-O 5. Ne2 d6 6. O-O c5 7. Nbc3 Nc6 8. d3
a6 9. h3 Ne8 10. Be3 Nc7 11. d4 cxd4 12. Nxd4 Ne6 13. Nde2 Bd7 14. f4 b5 15.
cxb5 axb5 16. Nxb5 Bxb2 17. Rb1 Bg7 18. f5 Nc5 19. Nxd6 exd6 20. Qxd6 Rxa2 21.
Bxc5 Rxe2 22. f6 Bh6 23. Rfd1 Nb8 24. Qd3 Ra2 25. e5 Rxg2+ 26. Kxg2 Bc6+ 27.
Kf2 Qxd3 28. Rxd3 Rc8 29. Rd4 Nd7 30. Bd6 Ra8 31. Rb2 Bf8 32. Rbd2 Bh6 33. Rb2
Re8 34. Rc4 Bd5 35. Rc7 Nf8 36. Be7 Be6 37. Rcb7 Nd7 38. R2b5 Bf8 39. Bxf8 Rxf8
40. g4 g5 41. Ra7 h6 42. Ke3 Rc8 43. Ra3 Kh7 44. Kf3 Rc1 45. Re3 Nf8 46. Ra5
Ng6 47. Rd3 Rh1 48. Kg2 Re1 49. Rd8 Rxe5 0-1

[Event "SV Welper 1 - SF Essen-Katernberg  2"]
[Site "Regionalliga 2018/2019"]
[Date "2019.05.19"]
[Round "10.4"]
[White "Adiyaman, Rene"]
[Black "Dahm, Bernd"]
[Result "1/2-1/2"]
[WhiteElo "2156"]
[BlackElo "2089"]
[Annotator "Daniel"]
[PlyCount "111"]
[EventDate "2019.??.??"]

1. e4 e6 2. d4 d5 3. Nd2 Nf6 4. e5 Nfd7 5. Bd3 c5 6. c3 Nc6 7. Ne2 a5 8. O-O a4
9. f4 g6 10. Nf3 cxd4 11. Nexd4 Nc5 12. Bb5 Bd7 13. Be3 Nxd4 14. Nxd4 Bxb5 15.
Nxb5 Qb6 16. Qe2 Qc6 17. c4 Rd8 18. Rac1 Be7 19. cxd5 Rxd5 20. Nc3 Rd7 21. Nxa4
Qxa4 22. Bxc5 Bxc5+ 23. Rxc5 O-O 24. Qc4 Qa7 25. Kh1 Kg7 26. h3 Rfd8 27. a3 Rd4
28. Qb5 Rd2 29. Kh2 Rxb2 30. Qxb2 Qxc5 31. Rf3 Rd7 $11 32. Rb3 Qc4 33. Rb4 Qf1
34. Rd4 Rc7 35. Qb4 Rc1 36. Rd8 Qg1+ 37. Kg3 Qe3+ 38. Kh4 Qe1+ 39. Qxe1 Rxe1
40. Rb8 Re4 41. g3 Ra4 42. Rxb7 Rxa3 43. Kg4 Rc3 44. Rb4 Rd3 45. Kh4 h5 46. g4
hxg4 47. hxg4 Rf3 48. Kg5 Rf1 49. Kh4 Rf3 50. Rd4 Kh6 51. g5+ Kg7 52. Kg4 Re3
53. Rd8 Rc3 54. Rd2 Re3 55. Rf2 Kf8 56. Rd2 1/2-1/2

[Event "SV Welper 1 - SF Essen-Katernberg  2"]
[Site "Regionalliga 2018/2019"]
[Date "2019.05.19"]
[Round "10.5"]
[White "Gorainow, Nikita"]
[Black "Schaller, Fabian"]
[Result "1/2-1/2"]
[WhiteElo "1950"]
[BlackElo "1989"]
[PlyCount "34"]
[EventDate "2019.??.??"]

1. e4 e6 2. d4 d5 3. Nc3 dxe4 4. Nxe4 Nd7 5. Nf3 Ngf6 6. Bd3 Be7 7. O-O O-O 8.
b3 b6 9. Bb2 Bb7 10. Nfd2 c5 11. dxc5 Nxc5 12. Nxc5 Bxc5 13. Qe2 Bd4 14. c3 Qd5
15. Nf3 Bc5 16. Rad1 Qh5 17. Ne5 Qxe2 1/2-1/2

[Event "SV Welper 1 - SF Essen-Katernberg  2"]
[Site "Regionalliga 2018/2019"]
[Date "2019.05.19"]
[Round "10.6"]
[White "Conrad, Joachim"]
[Black "Schimnatkowski, Lukas"]
[Result "0-1"]
[WhiteElo "1998"]
[BlackElo "2116"]
[Annotator "Daniel"]
[PlyCount "136"]
[EventDate "2019.??.??"]

1. d4 Nf6 2. Bg5 c5 3. Bxf6 exf6 4. dxc5 Bxc5 5. e3 Qb6 6. Qc1 O-O 7. Bd3 Nc6
8. Ne2 Ne5 9. Nbc3 a5 10. O-O Ng4 11. Na4 Qc7 12. Ng3 Ba7 13. Bf5 d5 14. Bxc8
Raxc8 15. Nc3 Qc4 16. h3 Ne5 17. Nf5 Rcd8 18. Rd1 $11 Nc6 19. Rd3 g6 20. b3 Qa6
21. Nd4 Rfe8 22. Ncb5 Bb8 23. Qd1 f5 24. a4 f4 25. exf4 Bxf4 26. Qf3 Be5 27. c3
Qb6 28. Rad1 Bxd4 29. cxd4 Nb4 30. Rc3 Re7 31. Re3 Rde8 32. Rde1 Re6 33. Qf4
Nd3 34. Rxe6 fxe6 35. Qc7 Qxc7 36. Nxc7 Nxe1 37. Nxe8 Nc2 38. Nd6 Nxd4 39. Nxb7
Nxb3 40. Nd8 Nc5 41. Nc6 Nxa4 42. Nxa5 Kf7 43. Kf1 e5 44. Nb3 Kf6 45. Ke2 Kf5
46. Kd3 h5 47. Ke3 g5 48. Kd3 Nb6 49. Nd2 Nc8 50. Nf1 Ne7 51. Ng3+ Kg6 52. Ne2
h4 53. Nc3 Kf5 54. Nb5 Ng6 55. g3 hxg3 56. fxg3 Ne7 57. Nd6+ Ke6 58. Ne8 e4+
59. Ke2 d4 60. Ng7+ Ke5 61. h4 gxh4 62. gxh4 Nf5 63. h5 Kf6 64. Ne8+ Kg5 65.
Nc7 Kxh5 66. Ne6 Kg4 67. Nxd4 Nxd4+ 68. Ke3 Kf5 0-1

[Event "SV Welper 1 - SF Essen-Katernberg  2"]
[Site "Regionalliga 2018/2019"]
[Date "2019.05.19"]
[Round "10.7"]
[White "Kudelka, Josua"]
[Black "Schaller, Torsten"]
[Result "1/2-1/2"]
[WhiteElo "1965"]
[BlackElo "1997"]
[PlyCount "36"]
[EventDate "2019.??.??"]

1. c4 c5 2. Nf3 Nc6 3. d4 cxd4 4. Nxd4 Nf6 5. Nc3 g6 6. e4 d6 7. Be2 Bg7 8. Nc2
O-O 9. Be3 Be6 10. f3 Na5 11. b3 Nc6 12. Qd2 Qa5 13. Rc1 Rfc8 14. O-O Nd7 15.
Nd4 Nxd4 16. Bxd4 Bxd4+ 17. Qxd4 Qc5 18. Qxc5 Rxc5 1/2-1/2

[Event "SV Welper 1 - SF Essen-Katernberg  2"]
[Site "Regionalliga 2018/2019"]
[Date "2019.05.19"]
[Round "10.8"]
[White "Olf, Hans-Helmut"]
[Black "Gehrmann, Ulrich"]
[Result "1/2-1/2"]
[WhiteElo "1998"]
[BlackElo "1966"]
[PlyCount "71"]
[EventDate "2019.??.??"]

1. Nf3 d5 2. g3 Nc6 3. d4 Bg4 4. Bg2 e6 5. O-O Nf6 6. c3 Bd6 7. Nbd2 O-O 8. Re1
e5 9. dxe5 Nxe5 10. Nxe5 Bxe5 11. Nf3 Bd6 12. Bg5 Be6 13. Nd4 h6 14. Bxf6 Qxf6
15. Qb3 c5 16. Nxe6 fxe6 17. f4 c4 18. Qd1 Bc5+ 19. e3 b5 20. a3 a5 21. Kh1
Rad8 22. Qc2 Rf7 23. Rad1 Rc7 24. Re2 b4 25. axb4 axb4 26. cxb4 Bxb4 27. f5
Qxf5 28. Qxf5 exf5 29. Rxd5 Rcd7 30. Rxf5 Rd1+ 31. Rf1 Rxf1+ 32. Bxf1 c3 33.
bxc3 Bxc3 34. Kg2 Kf7 35. Rc2 Rd2+ 36. Rxd2 1/2-1/2

[Event "SV Wattenscheid 2 - Oberhausener SV 2"]
[Site "Regionalliga 2018/2019"]
[Date "2019.05.19"]
[Round "10.1"]
[White "Krueger, AndrÃ©"]
[Black "Schroeder, Wilfried"]
[Result "0-1"]
[WhiteElo "1986"]
[BlackElo "2176"]
[PlyCount "120"]
[EventDate "2019.??.??"]

1. d4 d5 2. c4 e6 3. Nc3 c6 4. e4 dxe4 5. Nxe4 Bb4+ 6. Bd2 Qxd4 7. Bxb4 Qxe4+
8. Be2 Na6 9. Ba3 Bd7 10. Nf3 c5 11. Qd6 O-O-O 12. Rd1 Nf6 13. Qe5 Bc6 14. O-O
Rxd1 15. Rxd1 Rd8 16. Rxd8+ Kxd8 17. Bf1 Qxe5 18. Nxe5 Be8 19. Nd3 b6 20. f3
Nd7 21. b3 f6 22. f4 Bg6 23. Kf2 Ndb8 24. Bb2 Nc6 25. Ke3 Ke7 26. Bc3 Nab4 27.
Nc1 Kd6 28. Be2 e5 29. fxe5+ fxe5 30. Bd1 Nd4 31. Kd2 Be4 32. g3 Nbc6 33. a3
Bf3 34. Bc2 e4 35. Bb1 Ne5 36. h3 g5 37. g4 Nec6 38. Ke3 Bg2 39. Bxe4 Bxh3 40.
Bxh7 Bxg4 41. b4 Be6 42. Bd3 Nf5+ 43. Ke4 Ncd4 44. bxc5+ bxc5 45. Be1 Bd7 46.
Bf1 Bc6+ 47. Kd3 Ke5 48. Ne2 Be4+ 49. Kc3 Ne3 50. Bg3+ Kf6 51. Nxd4 cxd4+ 52.
Kxd4 Nxf1 53. Bb8 Kf5 54. Bxa7 g4 55. Kc5 g3 56. Kd6 Nd2 57. c5 Bc6 58. Kxc6 g2
59. Kb7 g1=Q 60. c6 Qb1+ 0-1

[Event "SV Wattenscheid 2 - Oberhausener SV 2"]
[Site "Regionalliga 2018/2019"]
[Date "2019.05.19"]
[Round "10.2"]
[White "Schlehoefer, Ralf"]
[Black "Joergens, Markus"]
[Result "1/2-1/2"]
[WhiteElo "2194"]
[BlackElo "1993"]
[PlyCount "104"]
[EventDate "2019.??.??"]

1. d4 d5 2. c4 e6 3. Nc3 c6 4. cxd5 exd5 5. Qc2 Bd6 6. Nf3 Ne7 7. Bg5 f6 8. Bh4
Bf5 9. Qd2 Bg6 10. e3 Nf5 11. Bg3 Nd7 12. Bd3 Nb6 13. Qc2 Ne7 14. O-O Bxd3 15.
Qxd3 O-O 16. Rab1 a5 17. Ne2 Bxg3 18. hxg3 Kh8 19. g4 Ng8 20. Nh4 Nh6 21. f3
Qd6 22. Kf2 Rae8 23. Ng3 Nc4 24. Nhf5 Nxf5 25. Nxf5 Qb4 26. Rfe1 g6 27. Ng3 Re7
28. b3 Nd6 29. Ne2 Rfe8 30. Nf4 Kg7 31. Rh1 f5 32. Rbe1 Kg8 33. g5 a4 34. Qc2
axb3 35. axb3 Nf7 36. Nd3 Qb5 37. f4 Nd6 38. Ne5 Ne4+ 39. Kf3 Ra8 40. Ra1 Ree8
41. g4 fxg4+ 42. Kxg4 Qb4 43. Rxa8 Rxa8 44. Qh2 Qe7 45. Nxg6 Qe6+ 46. f5 Nf2+
47. Qxf2 Qe4+ 48. Qf4 Qxh1 49. Qd6 Qg1+ 50. Kh4 Qh1+ 51. Kg4 Qg1+ 52. Kh4 Qh1+
1/2-1/2

[Event "SV Wattenscheid 2 - Oberhausener SV 2"]
[Site "Regionalliga 2018/2019"]
[Date "2019.05.19"]
[Round "10.3"]
[White "Weyh, Thomas"]
[Black "Buchenthal, Dieter"]
[Result "0-1"]
[WhiteElo "1973"]
[BlackElo "2111"]
[PlyCount "64"]
[EventDate "2019.??.??"]

1. d4 e6 2. c4 c5 3. d5 exd5 4. cxd5 Ne7 5. e4 Ng6 6. f4 d6 7. Nf3 Bg4 8. Be2
Be7 9. Nc3 O-O 10. O-O Bxf3 11. Bxf3 Bf6 12. Be3 Re8 13. g3 a6 14. a4 Nd7 15.
a5 Rb8 16. Qc2 Qc7 17. h4 Ne7 18. Rfd1 Nf5 19. exf5 Rxe3 20. Kg2 b6 21. Qd2
Rbe8 22. Ne4 R3xe4 23. Bxe4 Rxe4 24. Qd3 Rb4 25. Qxa6 bxa5 26. Re1 Rxb2+ 27.
Kh3 Kf8 28. Qc6 Bd8 29. Re3 Qxc6 30. dxc6 Nf6 31. g4 Nd5 32. Re4 Rb4 0-1